| 000 | 00748cab a2200193 4500 | ||
|---|---|---|---|
| 001 | ##L133631 | ||
| 008 | 060525n2006 000 0 eng u | ||
| 035 | _a(Sirsi) u133631 | ||
| 041 | 0 | _aeng | |
| 100 | 1 | _aRose, James | |
| 245 | 0 | 0 | _aWho ya gonna call? |
| 260 | _c2006 | ||
| 490 | 0 |
_aBuilding _v271(8431) 19 May 2006, 52-53(2) |
|
| 520 | _aReports on the growth in the employment market for building surveyors, which is mainly being driven by their legal compliance and due diligence skills. Fears about a skills shortage are forcing salaries up, as competition for building surveyors intensifies. | ||
| 590 | _aIKA060606 | ||
| 651 | 4 |
_aUnited Kingdom _y |
|
| 690 | _aBUILT ENVIRONMENT-BUILDING INSPECTION-BUILDING SURVEYORS | ||
| 942 | _n0 | ||
| 999 |
_c77120 _d77120 |
||